Những quy định về đổi mới doanh nghiệp nhà nước /
Những nội dung về đổi mới doanh nghiệp nhà nước; Các văn bản về đổi mới DNNN và luật DNNN năm 2003.
Na minha lista:
| Autor principal: | |
|---|---|
| Formato: | Livro |
| Idioma: | Vietnamese |
| Publicado em: |
Hà Nội :
Tư pháp,
2004.
|
| Assuntos: | |
| Tags: |
Adicionar Tag
Sem tags, seja o primeiro a adicionar uma tag!
|
| Thư viện lưu trữ: | Mạng thư viện Đại học Đà Nẵng |
|---|
| LEADER | 01281cam a2200373 a 4500 | ||
|---|---|---|---|
| 001 | 000043747 | ||
| 003 | 1793 | ||
| 005 | 20060511090204.0 | ||
| 008 | 010217b2004 vm 000 vie | ||
| 020 | |c 29000 | ||
| 040 | |a LRC |c LRC |d LRC | ||
| 041 | 0 | |a vie | |
| 082 | 1 | 4 | |a 343.59707 |b AN-T |
| 100 | 1 | |a Anh Thơ. | |
| 245 | 1 | 6 | |a Những quy định về đổi mới doanh nghiệp nhà nước / |c Anh Thơ. |
| 260 | |a Hà Nội : |b Tư pháp, |c 2004. | ||
| 300 | |a 243 tr. ; |c 20,5 cm. | ||
| 520 | 3 | |a Những nội dung về đổi mới doanh nghiệp nhà nước; Các văn bản về đổi mới DNNN và luật DNNN năm 2003. | |
| 630 | 0 | 4 | |a Pháp luật. |
| 630 | 0 | 4 | |a Doanh nghiệp. |
| 630 | 0 | 4 | |a Nhà nước. |
| 650 | 0 | 4 | |a Luật doanh nghiệp |x Nhà nước. |
| OWN | |a DUT | ||
| AVA | |a UDN50 |b DUT |c Book |d 343.59707 AN-T |e available |t Error 5001 Not defined in file expand_doc_bib_avail. |f 3 |g 0 |h N |i 0 |j SH |k 1 | ||
| 999 | |a From the UDN01 | ||
| AVA | |a UDN50 |b DUT |c Book |d 343.59707 AN-T |e available |t Error 5001 Not defined in file expand_doc_bib_avail. |f 3 |g 0 |h N |i 0 |j SH |k 1 | ||
| TYP | |a Monograph | ||
| TYP | |a Printed language | ||
| 980 | |a Mạng thư viện Đại học Đà Nẵng | ||